000 00360 a2200133 4500
000 nam a22 7a 4500
100 _aSingh, Om Prakash
110 _aSingh, Om Prakash
245 _aPracheen Bharat: Pragaitihasik Kal Se 300 Isvi Tak
250 _aLatest edition
260 _bOrient BlackSwan
_c2024
264 _bOrient BlackSwan
_c2024
942 _cBK
999 _c394803
_d394803